000 00435cam a2200181ua 4500
020 _c6.00
041 _amal
_h
082 _a894.812301
_bUPI/PA
100 _aUpits, Andre .
245 _aParudeesayil ninnu veliyil /
_cAndre Upits.
_hTextual Documents
250 _a1 /
_b.
260 _aThrissur :
_bCurrent Books ,
_c1963.
300 _a391 ; .
365 _a6.00
504 _a
942 _cBK
999 _c12613
_d12613